Statistics for Highest AFL Fantasy Scores of all Time

Click here to take the quiz!

General Stats

  • This quiz has been taken 10 times
    (8 since last reset)
  • The average score is 12 of 22

Answer Stats

TeamYearScoreAnswer% Correct
Richmond2018192Jack Riewoldt
100%
St Kilda2016200Nick Riewoldt
100%
GWS2019192Stephen Coniglio
100%
Hawthorn2018195Tom Mitchell
100%
Geelong1993202Gary Ablett Snr
83%
Geelong1989213Gary Ablett Snr
83%
Hawthorn2012204Lance Franklin
83%
St Kilda1992209Tony Lockett
67%
Sydney1995196Tony Lockett
67%
North Melbourne1996209Wayne Carey
67%
Essendon2012193Brent Stanton
50%
Hawthorn1992243Jason Dunstall
50%
Hawthorn1992204Jason Dunstall
50%
Hawthorn1992200Jason Dunstall
50%
Hawthorn1996199Jason Dunstall
50%
Carlton2017194Bryce Gibbs
33%
Essendon1999198Matthew Lloyd
33%
Bulldogs2010192Brian Lake
17%
Sydney1989193Greg Williams
17%
North Melbourne1980194Gary Dempsey
0%
North Melbourne1990201John Longmire
0%
Geelong1981196Peter Featherby
0%

Score Distribution

Percentile by Number Answered

Percent of People with Each Score

Your Score History

You have not taken this quiz since the last reset